00633nam a2200205Ia 4500008004100000020001600041100001800057245003400075245005000109260001500159260002000174260000900194300001600203300002700219300001500246650004800261650006400309650004600373700000800419160803s9999 xx 000 0 und d a0 590960016 aMcGovern, Ann aif you lived 100 years ago /  cby Ann McGovern ; illustrated by Anna DiVito. aNew York : bScholastic Inc. c1999 a80 pages :  bcolor illustrations ;  c19 x 23 cm aNew York (N.Y.) -- History -- 19th century. aNew York (N.Y.) -- Social life and customs -- 19th century. aUnited States -- History -- 19th century. a770